1944 1646 1284 1454 1518 1571 1938 1868 1917 1213 1751 1564 1147 1841 1800 1256 1131 1612 1570 1051 1127 1381 1123 1423 1045 1124 1273 1849 1165 1118 1118 1708 1276 1666 1385 1933 1338 1577 1563 1502 1636 1405 1314 1329 1943 1444 1823 1311 1471 1945 1693 1368 1191 1493 1946 1363 1622 1490 1022 1415 1266 1027 1010 1187 1314 1337 1008 1038 1651 1955 1527 1177 1086 1084 1486 1074 1359 1842 1439 1851 1161 1762 1893 1370 1331 1139 1643 1006 1983 1838 1591 1221 1013 1319 1092 1207 1357 1423 1769 BCNSPRNW ULIB Ver.6.0+V

เปลี่ยนเป็นภาษาไทย

Change to English
 แสดงรายละเอียดบรรณานุกรม
  กลับหน้าหลัก

Brief Record : Get Marc (ISO 2709) : E-mail record : QR code < ปิดหน้าต่าง
สารบัญ Review โดย
เกษร โพธิ์สุวรรณ
ห้องสมุดวิทยาเขตสวรรค์ประชารักษ์
เกษร โพธิ์สุวรรณ เมื่อ15/กรกฎาคม/2557
บทที่ 1 เกริ่นนำ
บทที่ 2 ศุภหทัย โตเพชร พยาบาลเลือดสุโขทัย ผู้เดินทางหมุนรอบชุมชน
บทที่ 3 พยาบาลหัวใจวัยรุ่น สุ-พัฒนี เอกบุตร ผู้ปลดล็อกความทุกข์ในใจ
บทที่ 4 หมอแดง-เยาวภา เพชรกอง พยาบาลนักสู้ เปลี่ยนหัวใจผู้ป่วยทางจิต
บทที่ 5 ปาริชาติ แก้วทองประคำ บอมอปาริของคนยาบี
บทที่่ 6 สมรรถนะพยาบาลชุมชน
ภาคผนวก รู้จักชมรมพยาบาลชุมชนแห่งประเทศไทย

LEADER : 00000nam 2200000uu 4500
001    13399123221
003     ULIB
008    140715s2557||||th 000 0 tha d
020    ^a9786163610256
060  0 ^aWY106^bว194ส
100 0  ^aวรเชษฐ เขียวจันทร์
245 00 ^aสมรรถนะพยาบาลชุมชน : สมรรถนะเพื่อความเข้าใจชีวิต ชุมชน และสังคม/^cวรเชษฐ เขียวจันทร์,บรรณาธิการ
250    ^aพิมพ์ครั้งที่ 1 ( มีนาคม 2557 )
260    ^aกรุงเทพฯ :^bปิ่นโตพับลิชชิ่ง,^c2557
300    ^a303 หน้า :^bภาพประกอบ ;^c21 ซม.
650  7 ^aพยาบาลชุมชน
700 0  ^aสุพรรณกัญจนารีย์ รักอิสระ
700 0  ^aพัชรินทร์ สุอินไหว
710 1  ชมรมพยาบาลชุมชนแห่งประเทศไทย
945    ^p99^l0^i034515
999    ^aเกษร โพธิ์สุวรรณ
รายการนี้ยังไม่มีแท็ก
คุณยังไม่ได้ล็อกอิน คุณสามารถมีกิจกรรมร่วมกับเว็บไซต์ได้ แต่ต้องล็อกอินก่อน ::
  ล็อกอิน

รายการสื่อสารสนเทศ

ลำดับที่ ประเภท เลขเรียก/บาร์โค้ด สถานที่ สถานะ
1. Book การพยาบาล
Book การพยาบาล
สถานะ=หนังสือเก่า
WY106 ว194ส ฉ.1 
  Barcode: 034515
ห้องสมุดวิทยาเขตสวรรค์ประชารักษ์
►ส่วนจัดเก็บหนังสือเก่า สปร
บนชั้น
  ขอยืม

รายการใกล้เคียง
    หัวเรื่อง [พยาบาลชุมชน]

BibComment


ยังไม่เคยถูกคอมเมนท์

คอมเมนท์ทรัพยากรรายการนี้
  คอมเมนท์: สมรรถนะพยาบาลชุม..


 Copyright 2026. Bcnsprnw @Library